000 00705nam a2200193Ia 4500
003 GCL
008 140319s9999 xx 000 0 ara d
040 _aGCL /
_cGCL
082 0 4 _a246.1
_bر م
100 1 _aرشيد البندر
245 1 0 _aمذهب المعتزلة من الكلام الى الفلسفة : دراسة فى نشأته ومبادئه ونظرياته فى الوجود /
_cرشيد البندر
300 _a156 ص
490 _aالهيئة العامة للاستعلامات
_v0
650 0 4 _aالفلسفة الاسلامية
650 0 4 _aالاسلام
650 0 4 _aالحركات الفكرية عند المسلمين
650 0 4 _aالمعتزلة
942 _2ddc
_cBK
999 _c49014
_d49014